Tinkel where learning meets fun: (Record no. 30077)

MARC details
000 -LEADER
fixed length control field 00807nam a2200229 a 4500
005 - DATE AND TIME OF LATEST TRANSACTION
control field 20090905152919.0
008 - FIXED-LENGTH DATA ELEMENTS--GENERAL INFORMATION
fixed length control field 060731s1999 nyua b 000 0 eng d
010 ## - LCCN (DPL NO)
LC control number B-357048
020 ## - INTERNATIONAL STANDARD BOOK NUMBER
Terms of availability 40.00
035 ## - SYSTEM CONTROL NUMBER
System control number B-357048
037 ## - SOURCE OF ACQUISITION
Source of stock number/acquisition DBAD / PUB
040 ## - CATALOGING SOURCE
Original cataloging agency dpl
Language of cataloging English
082 ## - DEWEY DECIMAL CLASSIFICATION NUMBER
Classification number S
245 ## - TITLE STATEMENT
Title Tinkel where learning meets fun:
Statement of responsibility, etc edited by Luis Fernandes
Remainder of title digest no. 210 /
260 ## - PUBLICATION, DISTRIBUTION, ETC. (IMPRINT)
Place of publication, distribution, etc Mumbai
Name of publisher, distributor, etc Amar Chitra Katha
Date of publication, distribution, etc 2009
270 ## - ADDRESS
Address 14, Marthanda 84, Dr. Annie Besant Road, Worli,
City Mumbai
Postal code 400018
300 ## - PHYSICAL DESCRIPTION
Extent 96p.:
Dimensions 18cm(pbk)
Other physical details col. ill.
650 ## - SUBJECT ADDED ENTRY--TOPICAL TERM
Source of heading or term Tales
700 ## - ADDED ENTRY--PERSONAL NAME
Personal name Fernandes, Luis
942 ## - ADDED ENTRY ELEMENTS (KOHA)
Source of classification or shelving scheme Dewey Decimal Classification
Item type Children Books
Call number suffix TIN
Classification part S
Holdings
Withdrawn status Lost status Source of classification or shelving scheme Damaged status Not for loan Collection code Home library Current library Date acquired Source of acquisition Cost, normal purchase price Total Checkouts Full call number Barcode Date last seen Copy number Cost, replacement price Koha item type
  Written-off vide DLB M. No. 383 dt 16.05.19 Dewey Decimal Classification     Fiction Janak Puri Janak Puri 05/09/2009 DBAD / PUB 40.00 4 S TIN B-357048 27/06/2018 1 40.00 Children Books

© Delhi Public Library
Hit Counter
free hit counter